Loading...
| History - World | 2 | 2 | 1 | 0 | 45 | 47 | 64.50 | 1 | 2 | 16.94 | 22.73 |
| Science - Biology | 2 | 1 | 1 | 1 | 35 | 34 | 55.33 | 1 | 2 | 13.34 | 18.18 |
| History - American | 2 | 0 | 0 | 0 | 30 | 16 | 34.50 | 1 | 2 | 12.97 | 17.05 |
| Fine Arts - Painting and Sculpture | 1 | 1 | 0 | 0 | 25 | 14 | 56.00 | 2 | 2 | 10.18 | 18.18 |
| Science - Other | 1 | 1 | 0 | 0 | 25 | 29 | 57.50 | 1 | 1 | 10.20 | 13.75 |
| Literature - World | 1 | 1 | 0 | 0 | 25 | 45 | 73.00 | 0 | 1 | 9.35 | 11.36 |
| Current Events | 0 | 2 | 0 | 2 | 20 | 116 | 117.00 | 0 | 0 | 2.07 | 12.50 |
| Other Academic | 1 | 0 | 0 | 0 | 15 | 39 | 39.00 | 0 | 1 | 17.26 | 21.88 |
| History - Ancient/Other | 0 | 2 | 1 | 0 | 15 | 66 | 70.00 | 2 | 2 | 9.80 | 20.83 |
| Social Science | 0 | 1 | 0 | 0 | 10 | 96 | 96.00 | 0 | 0 | 1.57 | 3.41 |
| Geography | 0 | 1 | 0 | 0 | 10 | 77 | 77.00 | 0 | 0 | 7.78 | 5.00 |
| Literature - European | 1 | 0 | 1 | 0 | 10 | 33 | 33.00 | 1 | 1 | 7.04 | 9.09 |
| Religion | 0 | 1 | 0 | 0 | 10 | 80 | 80.00 | 0 | 1 | 3.58 | 6.82 |
| History - European | 0 | 1 | 1 | 0 | 5 | 118 | 118.00 | 0 | 0 | 0.51 | 4.55 |
| Science - Chemistry | 0 | 0 | 1 | 0 | -5 | 0.00 | 0 | 0 | 0.00 | 0.00 | |
| Fine Arts - Other | 0 | 0 | 1 | 0 | -5 | 0.00 | 0 | 0 | 0.00 | 0.00 |